Guía médica para la mujer (Registro nro. 13093)

Detalles MARC
000 -CABECERA
Longitud fija campo de control 01116nam a2200313 i 4500
001 - NÚMERO DE CONTROL
Número de control bimo0000332063
003 - IDENTIFICADOR DELl NÚMERO DE CONTROL
Identificador del número de control OSt
005 - FECHA Y HORA DE LA ÚLTIMA TRANSACCIÓN
Fecha y hora de la última transacción 20140901174428.0
008 - CÓDIGOS DE INFORMACIÓN DE LONGITUD FIJA
Códigos de información de longitud fija 921021s1989 sp | | spa d
020 ## - NÚMERO INTERNACIONAL NORMALIZADO PARA LIBROS
Número Internacional Normalizado para Libros (ISBN) 84-7183-507-X
040 ## - FUENTE DE LA CATALOGACIÓN
Centro transcriptor BMC
082 ## - NÚMERO DE LA CLASIFICACIÓN DECIMAL DEWEY
Númeroo de clasificación 613.04244
082 ## - NÚMERO DE LA CLASIFICACIÓN DECIMAL DEWEY
Númeroo de clasificación 616.08351
082 ## - NÚMERO DE LA CLASIFICACIÓN DECIMAL DEWEY
Númeroo de clasificación 306.76
245 00 - MENCIÓN DE TÍTULO
Título Guía médica para la mujer
Mención de responsabilidad, etc. [Redacción, Maite pugès, Natàlia Elies ; edición española a cargo de Josep Sarret Grau ... (et al.) ; traducción, Marta Tremoleda]
260 ## - PUBLICACIÓN, DISTRIBUCIÓN, ETC. (PIE DE IMPRENTA)
Lugar de publicación, distribución, etc. Bogotá
Nombre del editor, distribuidor, etc. Printer colombiana
Fecha de publicación, distribución, etc. 1989
300 ## - DESCRIPCIÓN FÍSICA
Extensión 3 v.
Otras características físicas il. fot.
Dimensiones 28 cm
505 ## - NOTA DE CONTENIDO CON FORMATO
Nota de contenido con formato Contenido: 1. Ciclo menstrual y anticonceptivos, 2. Sexualidad, embarazo y parto, 3. Análisis y tratamientos
594 ## - NOTA AL TÍTULO Y MENCIÓN DE RESPONSABIBLIDAD
Nota Al Título Y Mención De Responsabilidad Traducción de : Every woman's medical guide
650 24 - PUNTO DE ACCESO ADICIONAL DE MATERIA - TÉRMINO DE MATERIA
Término de materia o nombre geográfico como elemento inicial Mujeres
Subdivisión de materia general Salud e higiene
9 (RLIN) 4439
650 24 - PUNTO DE ACCESO ADICIONAL DE MATERIA - TÉRMINO DE MATERIA
Término de materia o nombre geográfico como elemento inicial Sexualidad
9 (RLIN) 10180
650 24 - PUNTO DE ACCESO ADICIONAL DE MATERIA - TÉRMINO DE MATERIA
9 (RLIN) 23675
Término de materia o nombre geográfico como elemento inicial Mujeres
Subdivisión de materia general Enfermedades
650 24 - PUNTO DE ACCESO ADICIONAL DE MATERIA - TÉRMINO DE MATERIA
9 (RLIN) 23676
Término de materia o nombre geográfico como elemento inicial Mujeres
Subdivisión de materia general Fisiología
Fuente del encabezamiento o término embne
700 1# - PUNTO DE ACCESO ADICIONAL - NOMBRE DE PERSONA
9 (RLIN) 23957
Nombre de persona Pugés, Maite
700 1# - PUNTO DE ACCESO ADICIONAL - NOMBRE DE PERSONA
9 (RLIN) 23958
Nombre de persona Elies, Natàlia
700 1# - PUNTO DE ACCESO ADICIONAL - NOMBRE DE PERSONA
9 (RLIN) 8998
Nombre de persona Sarret, Josep
700 1# - PUNTO DE ACCESO ADICIONAL - NOMBRE DE PERSONA
9 (RLIN) 4462
Nombre de persona Tremoleda, Marta
942 ## - ENTRADA DE ELEMENTOS AGREGADOS (KOHA)
Fuente de clasificaión o esquema Dewey Decimal Classification
Koha [por defecto] tipo de item 1- Monografias
Existencias
Suprimido Perdido Fuente de clasificación o esquema Estropeado Restricciones de uso No para préstamo Código de colección Localización permanente Localización actual Localización en estanter&íacute;as Fecha adquisición Fuente de adquisición Número de inventario Préstamos totales Renovaciones totales Signatura completa Código de barras Fecha última consulta Fecha último préstamo Coste, precio reemplazado Fecha del precio de reemplazo Tipo de item de Koha
NULL NULL Dewey Decimal Classification NULL Préstamo en Sala NULL NULL Biblioteca Miguel de Cervantes - UNICAES Biblioteca Miguel de Cervantes - UNICAES Sala Principal 27/08/2014 Donación - COREI, S.A de C.V 021174 3 1 613.04 GUI (v. 1) 1021532 11/01/2019 11/01/2019 10.00 27/08/2014 1- Monografias
NULL NULL Dewey Decimal Classification NULL Préstamo en Sala NULL NULL Biblioteca Miguel de Cervantes - UNICAES Biblioteca Miguel de Cervantes - UNICAES Sala Principal 27/08/2014 Donación - COREI, S.A de C.V 021175 3   613.04 GUI (v. 2) 1021533 11/01/2019 11/01/2019 10.00 27/08/2014 1- Monografias
NULL NULL Dewey Decimal Classification NULL Préstamo en Sala NULL NULL Biblioteca Miguel de Cervantes - UNICAES Biblioteca Miguel de Cervantes - UNICAES Sala Principal 27/08/2014 Donación - COREI, S.A de C.V 021176 1   613.04 GUI (v. 3) 1021534 05/05/2016 03/05/2016 10.00 27/08/2014 1- Monografias